Подробности
| 000 -МАРКЕР |
| контрольное поле |
01408nam0a2200337 4500 |
| 001 - ИДЕНТИФИКАТОР ЗАПИСИ |
| контрольное поле |
RU\NLR\bibl\1525606 |
| 005 - ИДЕНТИФИКАТОР ВЕРСИИ |
| контрольное поле |
20260503063850.0 |
| 010 ## - МЕЖДУНАРОДНЫЙ СТАНДАРТНЫЙ НОМЕР КНИГИ (ISBN) |
| Номер (ISBN) |
978-5-699-42196-1 |
| Тираж |
4000 |
| 021 ## - НОМЕР ГОСУДАРСТВЕННОЙ РЕГИСТРАЦИИ |
| Код страны |
Российская Федерация |
| Номер |
2010-42359 |
| Номер Листа государственной регистраци |
238д/2010 |
| 035 ## - ДРУГИЕ СИСТЕМНЫЕ НОМЕРА |
| Идентификатор записи |
(NLR Aleph) 001516953 |
| 100 ## - ДАННЫЕ ОБЩЕЙ ОБРАБОТКИ |
| Данные общей обработки |
20100622d2010 |||y0rusy50 ca |
| 101 1# - ЯЗЫК РЕСУРСА |
| Язык текста, звукозаписи и т.д. |
русский |
| Язык оригинала |
французский |
| 102 ## - СТРАНА ПУБЛИКАЦИИ ИЛИ ПРОИЗВОДСТВА |
| Страна публикации |
Российская Федерация |
| 105 ## - ПОЛЕ КОДИРОВАННЫХ ДАННЫХ: ТЕКСТОВЫЕ МАТЕРИАЛЫ, МОНОГРАФИЧЕСКИЕ |
| Кодированные данные о монографическом текстовом документе |
a ||||||||| |
| 200 1# - ЗАГЛАВИЕ И СВЕДЕНИЯ ОБ ОТВЕТСТВЕННОСТИ |
| Основное заглавие |
Север против Юга |
| -- |
Флаг Родины |
| Сведения, относящиеся к заглавию |
[романы] |
| Первые сведения об ответственности |
Жюль Верн |
| Последующие сведения об ответственности |
[пер. с фр. В. Гурович, О. Моисеенко |
| -- |
ил. П. Луганского] |
| 210 ## - ПУБЛИКАЦИЯ, РАСПРОСТРАНЕНИЕ И ДР. |
| Место издания, распространения и т.д. |
Москва |
| Имя издателя, распространителя и т. д. |
Эксмо |
| Дата издания, распространения и т.д. |
2010 |
| 215 ## - ФИЗИЧЕСКАЯ ХАРАКТЕРИСТИКА |
| Специфическое обозначение материала и объем |
604, [2] с. |
| Другие сведения о физической характеристике |
ил. |
| Размеры |
21 |
| 225 1# - СЕРИЯ |
| Основное заглавие серии |
Отцы-основатели |
| Сведения об ответственности |
сост. Д. Байкалов |
| 300 ## - ОБЩИЕ ПРИМЕЧАНИЯ |
| Текст примечания |
Загл. обл.: Флаг Родины |
| 320 ## - ПРИМЕЧАНИЯ О НАЛИЧИИ В ДОКУМЕНТЕ БИБЛИОГРАФИИ / УКАЗАТЕЛЯ |
| Текст примечания |
Др. произведения авт.: с. 2 |
| 512 1# - ЗАГЛАВИЕ ОБЛОЖКИ |
| Связь между полями |
z01790 |
| Заглавие обложки |
Флаг Родины |
| 686 ## - ИНДЕКСЫ ДРУГИХ КЛАССИФИКАЦИЙ |
| Индекс |
Ш6(4Фр)57-440.4{Лх1647-45} |
| 700 #1 - ИМЯ ЛИЦА - ПЕРВИЧНАЯ ОТВЕТСТВЕННОСТЬ |
| Код отношения |
Автор |
| Графика поля |
Кириллица |
| Материалы, к которым относится поле |
rus |
| Начальный элемент ввода |
Верн |
| Часть имени, кроме начального элемента ввода |
Ж. |
| Даты |
1828-1905 |
| Расширение инициалов личного имени |
Жюль |
| Системный номер авторитетной/нормативной записи |
113449 |
| Идентификатор авторитетной/нормативной записи |
RU\NLR\auth\773453 |
| 702 #1 - ИМЯ ЛИЦА - ВТОРИЧНАЯ ОТВЕТСТВЕННОСТЬ |
| Код отношения |
Карикатурист, Художник |
| Начальный элемент ввода |
Луганский |
| Часть имени, кроме начального элемента ввода |
П. И. |
| Дополнения к именам, кроме дат |
художник |
| Даты |
1911-1993 |
| Расширение инициалов личного имени |
Петр Иванович |
| Системный номер авторитетной/нормативной записи |
127562 |
| Идентификатор авторитетной/нормативной записи |
RU\NLR\AUTH\770127587 |
| 790 #1 - ИМЯ ЛИЦА - АЛЬТЕРНАТИВНАЯ ФОРМА |
| Код отношения |
Автор |
| Графика поля |
Кириллица |
| Материалы, к которым относится поле |
rus |
| Начальный элемент ввода |
Верн |
| Часть имени, кроме начального элемента ввода |
Ж. |
| Даты |
1828-1905 |
| Расширение инициалов личного имени |
Жюль |
| Системный номер авторитетной/нормативной записи |
113449 |
| Идентификатор авторитетной/нормативной записи |
RU\NLR\auth\773453 |
| 801 #0 - ИСТОЧНИК ЗАПИСИ |
| Страна |
Российская Федерация |
| Организация |
NLR |
| Дата составления |
20100622 |
| Правила каталогизации |
RCR |
| 801 #1 - ИСТОЧНИК ЗАПИСИ |
| Страна |
Российская Федерация |
| Организация |
NLR |
| Дата составления |
20100622 |
| 942 ## - ДОПОЛНИТЕЛЬНЫЕ ЭЛЕМЕНТЫ ЗАПИСИ (АБИС) |
| Тип экземпляра АБИС |
Книга |
| 980 ## - КОЛЛЕКЦИЯ |
| Название коллекции |
Национальная библиография |